[Event "EU Union-ch U10"]
[Site "Kouty nad Desnou"]
[Date "2023.08.22"]
[Round "7"]
[White "Sofronie, Vladimir"]
[Black "Gawerska, Karolina"]
[Result "1-0"]
[WhiteElo "1735"]
[BlackElo "1027"]
[PlyCount "67"]
[EventDate "2023.08.16"]
[EventType "swiss"]
[EventRounds "9"]
[EventCountry "CZE"]
[SourceTitle "EXT 2024"]
[Source "ChessBase"]
[SourceDate "2023.10.10"]
[SourceVersion "1"]
[SourceVersionDate "2023.10.10"]
[SourceQuality "1"]

1. d4 Nf6 2. Bf4 d5 3. e3 e6 4. Nf3 c5 5. c3 Nc6 6. Nbd2 Bd6 7. Bg3 0-0 8. Bd3 b6 9. Ne5 Bb7 10. f4 Ne7 11. Qf3 Nf5 12. Bf2 Be7 13. g4 Nd6 14. g5 Nfe4 15. h4 c4 16. Bc2 b5 17. h5 f6 18. gxf6 Bxf6 19. Nxe4 Nxe4 20. Bxe4 dxe4 21. Qg4 Qe7 22. Ke2 Rac8 23. Rag1 a5 24. Bh4 Bxh4 25. Rxh4 Rc7 26. Ng6 Qf7 27. Nxf8 Kxf8 28. Qg5 Re7 29. Rhg4 b4 30. Qe5 Qf5 31. Qb8+ Kf7 32. Rxg7+ Kf6 33. Qf8+ Rf7 34. Qxf7# 1-0

[Event "Targu Mures op 3rd"]
[Site "Targu Mures"]
[Date "2022.06.07"]
[Round "4"]
[White "Prisacaru, Stefan Emilian"]
[Black "Sofronie, Vladimir"]
[Result "1/2-1/2"]
[WhiteElo "1993"]
[BlackElo "1606"]
[PlyCount "49"]
[EventDate "2022.06.05"]
[EventType "swiss"]
[EventRounds "9"]
[EventCountry "ROU"]
[SourceTitle "EXT 2024"]
[Source "ChessBase"]
[SourceDate "2023.10.10"]
[SourceVersion "1"]
[SourceVersionDate "2023.10.10"]
[SourceQuality "1"]

1. d4 d5 2. Bf4 Bf5 3. c4 e6 4. Nc3 Nf6 5. e3 Bd6 6. Bxd6 Qxd6 7. Qb3 Qb6 8. c5 Qxb3 9. axb3 Nc6 10. Bb5 Ke7 11. Bxc6 bxc6 12. Nf3 Nd7 13. Kd2 Rhb8 14. Ra3 f6 15. Nh4 Nf8 16. Nxf5+ exf5 17. f4 Ne6 18. Ne2 g6 19. Kc3 Kd7 20. h3 Rb7 21. g4 Ng7 22. Ng3 Re8 23. Re1 fxg4 24. hxg4 h5 25. gxh5 1/2-1/2

[Event "Wch U10 blitz"]
[Site "Rhodes"]
[Date "2022.05.03"]
[Round "4"]
[White "Gabadadze, Gabriel"]
[Black "Sofronie, Vladimir"]
[Result "1-0"]
[WhiteElo "1254"]
[BlackElo "1428"]
[PlyCount "90"]
[EventDate "2022.05.03"]
[EventType "swiss (blitz)"]
[EventRounds "9"]
[EventCountry "GRE"]
[SourceTitle "CBM 208 Extra"]
[Source "ChessBase"]
[SourceDate "2022.07.31"]
[SourceVersion "1"]
[SourceVersionDate "2022.07.31"]
[SourceQuality "1"]

1. e4 g6 2. d4 Bg7 3. Nc3 d6 4. h4 h5 5. Bg5 Nf6 6. Qd2 Nbd7 7. 0-0-0 c5 8. dxc5 Nxc5 9. Bb5+ Bd7 10. Bxd7+ Qxd7 11. f3 0-0-0 12. Nge2 Kb8 13. Nd4 Rc8 14. Rhe1 Rhd8 15. Kb1 a6 16. Nd5 Nxd5 17. exd5 Bxd4 18. Qxd4 f6 19. Bc1 Qf5 20. g4 Qd7 21. gxh5 gxh5 22. Qe3 Re8 23. b3 Qc7 24. Bb2 Nd7 25. c4 Ne5 26. Bxe5 fxe5 27. Kb2 Qa5 28. Rg1 b5 29. cxb5 axb5 30. Qd2 b4 31. Rc1 Rc5 32. Rxc5 Qxc5 33. Rc1 Qb5 34. Qc2 Qb7 35. Qd3 Rg8 36. Rc2 Rg3 37. Qf5 Rg1 38. Qf8+ Ka7 39. Qd8 Qb6 40. Rc7+ Ka6 41. Rc6 Rg2+ 42. Kc1 Rg1+ 43. Kd2 Rg2+ 44. Kd3 e4+ 45. Kxe4 Re2+ 1-0

[Event "Wch U10 blitz"]
[Site "Rhodes"]
[Date "2022.05.03"]
[Round "3"]
[White "Sofronie, Vladimir"]
[Black "Lebedev, Lion"]
[Result "1-0"]
[WhiteElo "1428"]
[BlackElo "1141"]
[PlyCount "67"]
[EventDate "2022.05.03"]
[EventType "swiss (blitz)"]
[EventRounds "9"]
[EventCountry "GRE"]
[SourceTitle "CBM 208 Extra"]
[Source "ChessBase"]
[SourceDate "2022.07.31"]
[SourceVersion "1"]
[SourceVersionDate "2022.07.31"]
[SourceQuality "1"]

1. f4 d5 2. Nf3 c5 3. e3 Nc6 4. Bb5 Qb6 5. Bxc6+ bxc6 6. b3 Ba6 7. d3 Nf6 8. 0-0 e6 9. Bb2 Be7 10. Nbd2 c4 11. Qe2 Ng4 12. Bd4 c5 13. Bxg7 Rg8 14. Bb2 cxd3 15. cxd3 c4 16. Bd4 cxd3 17. Qe1 Bc5 18. h3 Nh6 19. Bxc5 Qxc5 20. Rc1 Qb6 21. Nd4 Bb7 22. Qh4 Nf5 23. Nxf5 exf5 24. Rce1 Qc6 25. Qxh7 Rg6 26. Nf3 d2 27. Nxd2 Ke7 28. Qh4+ Kd6 29. Nf3 Rag8 30. Rf2 d4 31. exd4 Rxg2+ 32. Kh1 Rxf2 33. Qe7+ Kd5 34. Qe5# 1-0

[Event "EU-ch Schools U09"]
[Site "Rhodes"]
[Date "2022.04.24"]
[Round "4"]
[White "Sofronie, Vladimir"]
[Black "Bjerregaard Hagen, Frida"]
[Result "1-0"]
[WhiteElo "1743"]
[BlackElo "1293"]
[PlyCount "53"]
[EventDate "2022.04.21"]
[EventType "swiss"]
[EventRounds "9"]
[EventCountry "GRE"]
[SourceTitle "CBM 208 Extra"]
[Source "ChessBase"]
[SourceDate "2022.07.31"]
[SourceVersion "1"]
[SourceVersionDate "2022.07.31"]
[SourceQuality "1"]

1. f4 d5 2. b3 Nf6 3. e3 e6 4. Bb2 c5 5. Nf3 g6 6. Bd3 Bg7 7. 0-0 0-0 8. Qe1 Qc7 9. Na3 a6 10. c4 Bd7 11. Rc1 Qd6 12. Qh4 dxc4 13. Nxc4 Qxd3 14. Bxf6 Qd5 15. Bxg7 Kxg7 16. Nb6 Qc6 17. Nxa8 b6 18. Nxb6 Qxb6 19. Ng5 h6 20. Ne4 Rc8 21. Qf6+ Kg8 22. Qe5 Kf8 23. Nxc5 Ke7 24. Ne4 Nc6 25. Qf6+ Kf8 26. Nd6 Rb8 27. Qxf7# 1-0

[Event "ROM-ch U10"]
[Site "Eforie Nord"]
[Date "2022.04.17"]
[Round "8"]
[White "Sofronie, Vladimir"]
[Black "Stanica, Andrei"]
[Result "0-1"]
[WhiteElo "1743"]
[BlackElo "1322"]
[PlyCount "44"]
[EventDate "2022.04.11"]
[EventType "swiss"]
[EventRounds "9"]
[EventCountry "ROU"]
[SourceTitle "EXT 2023"]
[Source "ChessBase"]
[SourceDate "2022.10.05"]
[SourceVersion "1"]
[SourceVersionDate "2022.10.05"]
[SourceQuality "1"]

1. d4 d5 2. Bf4 Nf6 3. e3 c5 4. Nc3 cxd4 5. exd4 a6 6. Nf3 e6 7. Ne5 Bd6 8. Qf3 Nc6 9. 0-0-0 Qc7 10. Bb5 axb5 11. Nxb5 Qb8 12. Nxd6+ Qxd6 13. Nxf7 Qf8 14. Nxh8 Qxh8 15. Kb1 Qf8 16. Rhe1 Kf7 17. g4 Kg8 18. g5 Nh5 19. Qxh5 Qxf4 20. g6 h6 21. c3 e5 22. dxe5 Bg4 0-1

[Event "ROM-ch U10"]
[Site "Eforie Nord"]
[Date "2022.04.15"]
[Round "6"]
[White "Petroff, Vlad"]
[Black "Sofronie, Vladimir"]
[Result "1/2-1/2"]
[WhiteElo "1598"]
[BlackElo "1743"]
[PlyCount "37"]
[EventDate "2022.04.11"]
[EventType "swiss"]
[EventRounds "9"]
[EventCountry "ROU"]
[SourceTitle "EXT 2023"]
[Source "ChessBase"]
[SourceDate "2022.10.05"]
[SourceVersion "1"]
[SourceVersionDate "2022.10.05"]
[SourceQuality "1"]

1. d4 d5 2. Bg5 f6 3. Bd2 Nc6 4. e3 e5 5. Bb5 g6 6. c4 Bg7 7. Ne2 Nge7 8. 0-0 0-0 9. Nbc3 Be6 10. cxd5 Nxd5 11. Rc1 exd4 12. exd4 Nce7 13. Re1 Bf7 14. Nf4 Nxf4 15. Bxf4 c6 16. Ba4 Nd5 17. Bg3 f5 18. Be5 Nxc3 19. Rxc3 1/2-1/2

[Event "EU Union-ch U08"]
[Site "Kouty nad Desnou"]
[Date "2021.08.21"]
[Round "8.1"]
[White "Varabiescu, Petru"]
[Black "Sofronie, Vladimir"]
[Result "0-1"]
[WhiteElo "1241"]
[BlackElo "1495"]
[PlyCount "102"]
[EventDate "2021.08.14"]
[EventType "swiss"]
[EventRounds "9"]
[EventCountry "CZE"]
[SourceTitle "EXT 2022"]
[Source "ChessBase"]
[SourceDate "2021.10.06"]
[SourceVersion "1"]
[SourceVersionDate "2021.10.06"]
[SourceQuality "1"]

1. e4 g6 2. d4 Bg7 3. Nf3 d6 4. Bd3 a6 5. c3 b5 6. Nbd2 Nd7 7. 0-0 Bb7 8. Re1 c5 9. d5 Ngf6 10. Nf1 0-0 11. Ng3 Qb6 12. b3 Ng4 13. Bd2 c4 14. bxc4 Qxf2+ 15. Kh1 Qc5 16. Rf1 bxc4 17. Be2 Nf2+ 18. Rxf2 Qxf2 19. Bxc4 Qc5 20. Qe2 Rac8 21. Bxa6 Bxa6 22. Qxa6 Ne5 23. Nd4 Ng4 24. Qe2 Bxd4 25. Qxg4 Bg7 26. Rc1 Ra8 27. Rc2 Rfb8 28. Qd1 Qb5 29. c4 Qb1 30. Rc1 Qxa2 31. Ne2 Rb2 32. Nc3 Bxc3 33. Bxc3 Rxg2 34. Qf1 Rxh2+ 35. Kg1 Qe2 36. Re1 Qh5 37. Qf4 Rh1+ 38. Kf2 Ra2+ 39. Ke3 Rh3+ 40. Kd4 Rf3 41. Qxf3 Qxf3 42. Re3 Qd1+ 43. Rd3 Qg1+ 44. Re3 Ra3 45. Bd2 Ra2 46. Bc3 Rc2 47. Bb4 Re2 48. Bd2 Rxd2+ 49. Kc3 Qxe3+ 50. Kb4 Rb2+ 51. Ka4 Qa7# 0-1

[Event "EU Union-ch U08"]
[Site "Kouty nad Desnou"]
[Date "2021.08.19"]
[Round "6.1"]
[White "Kroulik, Stepan"]
[Black "Sofronie, Vladimir"]
[Result "0-1"]
[WhiteElo "1158"]
[BlackElo "1495"]
[PlyCount "84"]
[EventDate "2021.08.14"]
[EventType "swiss"]
[EventRounds "9"]
[EventCountry "CZE"]
[SourceTitle "EXT 2022"]
[Source "ChessBase"]
[SourceDate "2021.10.06"]
[SourceVersion "1"]
[SourceVersionDate "2021.10.06"]
[SourceQuality "1"]

1. e4 c5 2. Nf3 e6 3. d4 cxd4 4. Nxd4 a6 5. Nc3 Qc7 6. Be3 Bb4 7. Bd2 Nf6 8. Bd3 Be7 9. 0-0 0-0 10. Kh1 b5 11. a3 Bb7 12. f4 d6 13. g4 Nc6 14. Nb3 Nd7 15. f5 Nde5 16. Bf4 Nc4 17. Bxc4 bxc4 18. Nd2 Nd4 19. Nf3 Nxf3 20. Rxf3 Qd8 21. Qd2 d5 22. b4 dxe4 23. Qxd8 Raxd8 24. Re3 Bf6 25. Rd1 Bd4 26. Bc7 Bxe3 27. Bxd8 Bf2 28. h3 exf5 29. gxf5 e3+ 30. Kh2 Re8 31. Bg5 h6 32. Bxe3 Rxe3 33. Nb1 Re2 34. Rd2 Rxd2 35. Nxd2 c3 36. Nb3 Be4 37. Na1 Be3 38. a4 Bc6 39. a5 Ba4 40. Kg2 Bc1 41. Kf3 Bb2 42. Ke3 Bxa1 0-1

[Event "EU Union-ch U08"]
[Site "Kouty nad Desnou"]
[Date "2021.08.17"]
[Round "4.1"]
[White "Cretescu, Emma"]
[Black "Sofronie, Vladimir"]
[Result "1/2-1/2"]
[WhiteElo "1066"]
[BlackElo "1495"]
[PlyCount "38"]
[EventDate "2021.08.14"]
[EventType "swiss"]
[EventRounds "9"]
[EventCountry "CZE"]
[SourceTitle "EXT 2022"]
[Source "ChessBase"]
[SourceDate "2021.10.06"]
[SourceVersion "1"]
[SourceVersionDate "2021.10.06"]
[SourceQuality "1"]

1. f4 g6 2. Nf3 Bg7 3. e3 d6 4. Be2 Nd7 5. 0-0 c5 6. d3 Ngf6 7. Bd2 a6 8. a4 Rb8 9. d4 b5 10. axb5 Qb6 11. bxa6 Qxb2 12. Nc3 Qb6 13. Rb1 Qa7 14. Nb5 Qb6 15. Nc3 Qa7 16. Nb5 Qb6 17. Nc3 Qa7 18. Nb5 Qb6 19. Nc3 Qa7 1/2-1/2

[Event "EU Union-ch U08"]
[Site "Kouty nad Desnou"]
[Date "2021.08.16"]
[Round "3.1"]
[White "Sofronie, Vladimir"]
[Black "Janeczek, Maksymilian"]
[Result "1-0"]
[WhiteElo "1495"]
[BlackElo "1026"]
[PlyCount "115"]
[EventDate "2021.08.14"]
[EventType "swiss"]
[EventRounds "9"]
[EventCountry "CZE"]
[SourceTitle "EXT 2022"]
[Source "ChessBase"]
[SourceDate "2021.10.06"]
[SourceVersion "1"]
[SourceVersionDate "2021.10.06"]
[SourceQuality "1"]

1. f4 d5 2. Nf3 Nc6 3. e3 Nf6 4. Bb5 Bd7 5. b3 e6 6. Bb2 a6 7. Bxc6 Bxc6 8. 0-0 Bd6 9. Ne5 Bxe5 10. fxe5 Nd7 11. Qh5 g6 12. Qh6 Bb5 13. Qg7 Rf8 14. d3 Qe7 15. c4 dxc4 16. a4 c3 17. Ba3 c5 18. axb5 axb5 19. Nxc3 b4 20. Nb5 Kd8 21. Bb2 Rb8 22. Nd6 f5 23. Qxe7+ Kxe7 24. Ra7 b6 25. Rfa1 h5 26. Rc7 Ra8 27. Raa7 Rxa7 28. Rxa7 f4 29. e4 f3 30. Nc4 fxg2 31. Kxg2 b5 32. Nb6 Rd8 33. Bc1 Ke8 34. Rxd7 Rxd7 35. Nxd7 Kxd7 36. Kg3 Ke8 37. Be3 c4 38. dxc4 bxc4 39. bxc4 b3 40. Bd4 g5 41. Kf2 g4 42. Kg3 Kf7 43. Kh4 Kg6 44. c5 Kf7 45. Kxh5 Ke7 46. Kxg4 Kd7 47. h4 Kc6 48. h5 b2 49. Bxb2 Kxc5 50. h6 Kc4 51. h7 Kd3 52. h8Q Kxe4 53. Qd8 Ke3 54. Qd4+ Ke2 55. Kf4 Kf1 56. Kf3 Ke1 57. Bc3+ Kf1 58. Qd1# 1-0

[Event "FISCA Online op"]
[Site "Chess.com INT"]
[Date "2020.06.25"]
[Round "6"]
[White "Sofronie, Vladimir"]
[Black "Siretanu, Vladislav"]
[Result "1-0"]
[WhiteElo "1187"]
[BlackElo "1317"]
[PlyCount "23"]
[EventDate "2020.06.19"]
[EventType "swiss"]
[EventRounds "9"]
[EventCountry "ROU"]
[SourceTitle "CBM 197 Extra"]
[Source "ChessBase"]
[SourceDate "2020.09.30"]
[SourceVersion "1"]
[SourceVersionDate "2020.09.30"]
[SourceQuality "1"]

1. e4 c5 2. Nf3 d6 3. Bc4 Nf6 4. e5 dxe5 5. Nxe5 e6 6. Qe2 Nbd7 7. Nxf7 Kxf7 8. Qxe6+ Kg6 9. Qf7+ Kf5 10. g4+ Ke5 11. Qe6+ Kf4 12. Qf5# 1-0

[Event "FISCA Online op"]
[Site "Chess.com INT"]
[Date "2020.06.22"]
[Round "4"]
[White "Sofronie, Vladimir"]
[Black "Dhruva, Thota"]
[Result "0-1"]
[WhiteElo "1187"]
[BlackElo "1347"]
[PlyCount "66"]
[EventDate "2020.06.19"]
[EventType "swiss"]
[EventRounds "9"]
[EventCountry "ROU"]
[SourceTitle "CBM 197 Extra"]
[Source "ChessBase"]
[SourceDate "2020.09.30"]
[SourceVersion "1"]
[SourceVersionDate "2020.09.30"]
[SourceQuality "1"]

1. e4 c5 2. Nf3 g6 3. d4 cxd4 4. Nxd4 Nc6 5. Nc3 Bg7 6. Be3 Nf6 7. Nxc6 bxc6 8. e5 Ng8 9. f4 d6 10. Qf3 d5 11. 0-0-0 Nh6 12. h3 0-0 13. g4 f6 14. Qg3 fxe5 15. fxe5 Nf7 16. Bd4 e6 17. h4 Qc7 18. Re1 c5 19. Bf2 Bxe5 20. Qh3 Rb8 21. h5 Ng5 22. Qg2 Nf3 23. Re2 Qb7 24. b3 Bxc3 25. hxg6 hxg6 26. Bxc5 Rf7 27. Qh3 Qc7 28. Ba3 Qf4+ 29. Kb1 Nd2+ 30. Rxd2 Qxd2 31. Bd3 Qg5 32. Bc1 Qf6 33. g5 Qg7 0-1